000 00308nam a2200121 a 4500
005 20140414132114.0
008 110817s19uu xx 00 eng d
050 _aREF 503
_bL75 1990
245 _aThe living world.
260 _aSingapore :
_bWorl book,
_c1990.
440 _aYoung Scientist
999 _c114843
_d114843